Revolutionary Sarvodaya; (Record no. 67016)
[ view plain ]
| 000 -LEADER | |
|---|---|
| fixed length control field | 00800cam a22002531 4500 |
| 001 - CONTROL NUMBER | |
| control field | sa 66000061 |
| 003 - CONTROL NUMBER IDENTIFIER | |
| control field | DLC |
| 005 - DATE AND TIME OF LATEST TRANSACTION | |
| control field | 20260227112212.0 |
| 008 - FIXED-LENGTH DATA ELEMENTS--GENERAL INFORMATION | |
| fixed length control field | 780804s1964 ii 000 0 eng |
| 010 ## - LIBRARY OF CONGRESS CONTROL NUMBER | |
| LC control number | sa 66000061 |
| 035 ## - SYSTEM CONTROL NUMBER | |
| System control number | (OCoLC)4111173 |
| 040 ## - CATALOGING SOURCE | |
| Original cataloging agency | DLC |
| Transcribing agency | NNepaSU |
| Modifying agency | DLC |
| 042 ## - AUTHENTICATION CODE | |
| Authentication code | premarc |
| 043 ## - GEOGRAPHIC AREA CODE | |
| Geographic area code | a-ii--- |
| 050 00 - LIBRARY OF CONGRESS CALL NUMBER | |
| Classification number | HN687 |
| Item number | .B46 |
| 100 0# - MAIN ENTRY--PERSONAL NAME | |
| Personal name | Vinobā, |
| Dates associated with a name | 1895-1982. |
| 245 10 - TITLE STATEMENT | |
| Title | Revolutionary Sarvodaya; |
| Remainder of title | a philosophy for the remaking of man / |
| Statement of responsibility, etc. | Acharya Vinoba Bhave. Compiled and translated by Vasant Nargolkar. |
| 250 ## - EDITION STATEMENT | |
| Edition statement | 1st ed. |
| 260 ## - PUBLICATION, DISTRIBUTION, ETC. | |
| Place of publication, distribution, etc. | Bombay : |
| Name of publisher, distributor, etc. | Bharatiya Vidya Bhavan, |
| Date of publication, distribution, etc. | 1964. |
| 300 ## - PHYSICAL DESCRIPTION | |
| Extent | x, 53 p. ; |
| Dimensions | 19 cm. |
| 490 0# - SERIES STATEMENT | |
| Series statement | Bhavans̓ book university. Rupee series, |
| Volume/sequential designation | 20 |
| 651 #0 - SUBJECT ADDED ENTRY--GEOGRAPHIC NAME | |
| Geographic name | India |
| General subdivision | Social policy. |
| 700 1# - ADDED ENTRY--PERSONAL NAME | |
| Personal name | Nargolkar, Vasant Sadashiv, |
| Relator term | comp. |
No items available.